| 000 | 04158nam0a2200541 4500 | ||
|---|---|---|---|
| 001 | RU\NLR\BIBL_A\022036833 | ||
| 005 | 20231005142804.0 | ||
| 021 |
_aRU _bКН-П-23-053462 _9КН-П-23-5371 |
||
| 029 | 1 | 0 |
_aRU _b2553-2022 _cГОСТ Р ИСО |
| 035 | _a(NLR Aleph) 022036833 | ||
| 035 | _a(RuMoRGB)012044657 | ||
| 090 |
_a12556703 _c12556703 |
||
| 100 | _a20230928d2023 k y0rusy50 ca | ||
| 101 | 0 | _arus | |
| 102 | _aRU | ||
| 105 | _ay l 000|y | ||
| 181 | 1 |
_ai _b e |
|
| 182 | 1 | _an | |
| 200 | 1 |
_aСварка и родственные процессы _iУсловные обозначения на чертежах _iСварные соединения _dWelding and allied processes. Symbolic representation on drawings. Welded joints _zeng _eГОСТ Р ИСО 2553-2022 _fподготовлен Саморегулируемой организацией Ассоциация "Национальное Агентство Контроля Сварки" (СРО Ассоциация "НАКС") |
|
| 203 |
_aТекст _bвизуальный _cнепосредственный |
||
| 205 |
_aИзд. офиц. _bПереизд. июнь 2023 г. |
||
| 210 |
_aМосква _cРоссийский институт стандартизации _d2023 |
||
| 215 |
_aIII, 46 c. _cил. _d29 |
||
| 225 | 1 |
_aНациональный стандарт Российской Федерации _fФедеральное агентство по техническому регулированию и метрологии |
|
| 239 |
_aВвед. 01.09.2022 _aвзамен ГОСТ Р ИСО 2553-2017 |
||
| 300 | _aНастоящий стандарт идентичен международному стандарту ИСО 2553:2019 "Сварка и родственные процессы. Условные обозначения на чертежах. Сварные соединения" (ISO 2553:2019 "Welding and allied processes - Symbolic representation on drawings - Welded joints") | ||
| 320 | _aБиблиогр.: с. 46 (15 назв.) | ||
| 451 | 0 |
_1001RU\NLR\BIBL_A\016276851 _12001#$aСварка и родственные процессы. Условные обозначения на чертежах. Сварные соединения _912904000 _cМосква _d2022 _eИзд. офиц. _fподготовлен Саморегулируемой организацией Ассоциация "Национальное Агентство Контроля Сварки" (СРО Ассоциация "НАКС") _iУсловные обозначения на чертежах _lWelding and allied processes. Symbolic representation on drawings. Welded joints _nРоссийский институт стандартизации _oГОСТ Р ИСО 2553-2022 _pIII, 46, [1] с. _tСварка и родственные процессы |
|
| 510 | 1 |
_aWelding and allied processes _zeng |
|
| 510 | 1 |
_aSymbolic representation on drawings _zeng |
|
| 510 | 1 |
_aWelded joints _zeng |
|
| 517 | 1 | _aГОСТ Р ИСО 2553-2022 | |
| 606 | 1 |
_aСварные соединения и швы _jСтандарты _xУсловные обозначения _91577208 _3RU\NLR\AUTH\66991072 |
|
| 606 | 1 |
_aСварные соединения и швы _jСтандарты _xЧертежи _xОформление _92563805 _3RU\NLR\AUTH\6601728509 |
|
| 610 | 0 | _aсварка и родственные процессы | |
| 610 | 0 | _aусловные обозначения на чертежах | |
| 610 | 0 | _aсварные и паяные швы | |
| 675 | _a621.791:006.354 | ||
| 686 |
_a25.160.40 _v2000 _2ОКС |
||
| 686 |
_a01.100.20 _2ОКС |
||
| 686 | 1 | _aЖ112.4я861 | |
| 712 | 0 | 1 |
_4725 _aРоссийская Федерация _bФедеральное агентство по техническому регулированию и метрологии _9630205 _3RU\NLR\AUTH\8810064304 |
| 712 | 0 | 2 |
_4900 _aНациональное агентство контроля сварки _cМосква _9835076 _3RU\NLR\AUTH\880584598 |
| 942 | _cBOOK | ||
| 980 | _aNB | ||